Lélektan, tekintettel a nevelés feladataira.

Elmentve itt :
Bibliográfiai részletek
Szerző: Baló József
Adatforrás:Philobibl
Dokumentumtípus: Könyv
Nyelv:magyar
Megjelent: Bp. Wodianer. 1901
LEADER 00370nam a2200121 c 4500
001 bibDOK00022602
005 20200924121649.8
008 060518s1901 hu hun
100 1 |a Baló József 
245 1 0 |a Lélektan, tekintettel a nevelés feladataira.  |c Baló József 
260 |a Bp.  |b Wodianer.  |c 1901 
300 |a 131 p. p. 
500 |a Tanítóképző-intézetek II. oszt. számára.